000 01084nam a22003977a 4500
001 BR9800570
003 BR-BrBNA
005 20230928095805.0
007 ta
008 230509b bl.||||| |||| 00| 0 por d
040 _aBR-BrBNA
_bpor
_cBiblioteca Nacional de Agricultura
041 _a(Por)
072 _aE16
090 _ E16 BR9800570
110 1 _aSecretaria de Estado da Agricultura, Pecuaria e Abastecimento, Belo Horizonte, MG (Brasil)
_98844
245 1 _aCenario futuro do negocio agricola de Minas Gerais: metodologia e sintese
_bv. 1
260 3 _aBelo Horizonte, MG (Brasil):
_c1995.
300 _a56 p.
650 _aEconomia da Producao
650 _aAlgodao
650 _aGado de Corte
650 _aGado Leiteiro
650 _aArroz
650 _aCafe
650 _aFeijao
650 _aMilho
650 _aSuino
650 _aOlericultura
650 _aFruticultura
650 _aPostura
650 _aAvicultura
650 _aMinas Gerais
650 _aAgricultura Familiar
909 _a202309
_bLucia
_c55
_dLucia Elande
942 _cBK
999 _c58671
_d58671